000 00608nam a2200241Ia 4500
003 OSt
005 20220918204103.0
006 a|||||r|||| 00| 0
007 ta
008 220917b |||||||| |||| 00| 0 eng d
024 _a110,917
037 _cTextual
040 _aARTS
_cARTS
_beng
041 _2eng
_aeng
082 _aV53.N5, L5
100 _aKnight F
_9110644
245 0 _aFrench resistance 1940-1944
260 _aLondon
_bLawrence and Wishart
_c1975
300 _a242p.
_ccm.
650 _aHISTORY
942 _hV53.N5, L5
_cTEXL
_2CC
999 _c234266
_d234266